| 000 | 00917nam a2200205 i 4500 | ||
|---|---|---|---|
| 001 | 160158 | ||
| 003 | ES-MaACL | ||
| 005 | 20251014063231.0 | ||
| 008 | 931025s1834 fr |||| | fre d | ||
| 100 | 1 |
_aMoreau de Jonnès, Alexandre, _d1776-1870 _9130151 |
|
| 245 | 1 | 0 |
_aStatistique de l'Espagne _b: territoire, population, agriculture, industrie...avec une Carte / _cpar Alex. Moreau de Jonnès. |
| 260 |
_aParis : _b[s.n.], _c1834 ( _fImp. de Cosson) |
||
| 300 |
_aVIII, 318 p. ; _c22 cm. |
||
| 530 | _aDisponible en formato digital. | ||
| 650 | 4 |
_aEstadística- _zEspaña. _9157325 |
|
| 651 | 4 |
_aEspaña- _xDescripción. _98184 |
|
| 852 |
_aES-MaACL _jG-10069 _z-- Enc. hol.. -- En verso de la antep. consta los ed.: "chez l'auteur ..., Treuttel et Wurtz ..., Baillière ..." |
||
| 856 |
_uhttp://bdh-rd.bne.es/viewer.vm?id=0000000808&page=1 _zBiblioteca Digital Hispánica |
||
| 999 |
_c160158 _d160158 |
||